[Event "CYCC U08"]
[Site "Quebec CAN"]
[Date "2008.07.16"]
[Round "6"]
[White "Boushy, Declan Paul"]
[Black "Gugel, Brett"]
[Result "0-1"]
[WhiteElo "783"]
[BlackElo "1176"]
[PlyCount "46"]
[GameId "2160767910353831"]
[EventDate "2008.07.14"]
[EventType "swiss"]
[EventRounds "7"]
[EventCountry "CAN"]
[SourceTitle "EXT 2011"]
[Source "ChessBase"]
[SourceDate "2011.11.26"]
[SourceVersion "1"]
[SourceVersionDate "2011.11.26"]
[SourceQuality "1"]

1. e4 e5 2. Nf3 Nc6 3. Nc3 Nf6 4. Bd3 Bc5 5. Bb5 d6 6. Bxc6+ bxc6 7. O-O O-O 8. Ng5 h6 9. Nf3 Bg4 10. Na4 Nxe4 11. d3 Ng5 12. Bd2 Nxf3+ 13. Kh1 Nxd2 14. Qxd2 Re8 15. Rfe1 Qd7 16. Rg1 Qf5 17. f3 Bxg1 18. Rxg1 Bh5 19. g4 Qxf3+ 20. Rg2 Bxg4 21. Kg1 Bh3 22. Kh1 Bxg2+ 23. Kg1 Qf1# 0-1

[Event "CYCC U08"]
[Site "Quebec CAN"]
[Date "2008.07.16"]
[Round "6"]
[White "Lee, Jonah"]
[Black "Kassam, Jamil"]
[Result "1-0"]
[WhiteElo "1318"]
[BlackElo "1210"]
[PlyCount "59"]
[GameId "2160767910353833"]
[EventDate "2008.07.14"]
[EventType "swiss"]
[EventRounds "7"]
[EventCountry "CAN"]
[SourceTitle "EXT 2011"]
[Source "ChessBase"]
[SourceDate "2011.11.26"]
[SourceVersion "1"]
[SourceVersionDate "2011.11.26"]
[SourceQuality "1"]

1. c4 c5 2. g3 g6 3. Bg2 Bg7 4. e3 d6 5. Ne2 Nc6 6. O-O e6 7. Nbc3 Nge7 8. Rb1 O-O 9. d3 Rb8 10. a3 a5 11. b3 d5 12. cxd5 exd5 13. d4 cxd4 14. Nxd4 Nxd4 15. exd4 Bf5 16. Bf4 Rc8 17. Rc1 Nc6 18. Nxd5 Nxd4 19. Rxc8 Qxc8 20. Ne7+ Kh8 21. Nxc8 Rxc8 22. Bh6 Bf6 23. Re1 Bc2 24. Qg4 Bf5 25. Qf4 Nxb3 26. Qc7 Rg8 27. Qxf7 Bc3 28. Bd5 Rg7 29. Bxg7+ Bxg7 30. Qg8# 1-0

[Event "CYCC U08"]
[Site "Quebec CAN"]
[Date "2008.07.16"]
[Round "6"]
[White "Lepage, Marcel"]
[Black "Gagne, Eric"]
[Result "1-0"]
[WhiteElo "946"]
[BlackElo "951"]
[PlyCount "153"]
[GameId "2160767910353834"]
[EventDate "2008.07.14"]
[EventType "swiss"]
[EventRounds "7"]
[EventCountry "CAN"]
[SourceTitle "EXT 2011"]
[Source "ChessBase"]
[SourceDate "2011.11.26"]
[SourceVersion "1"]
[SourceVersionDate "2011.11.26"]
[SourceQuality "1"]

1. e4 Nc6 2. Nf3 e5 3. Nc3 Nf6 4. Bc4 Bc5 5. d3 Ng4 6. Bg5 Bxf2+ 7. Ke2 f6 8. h3 Nd4+ 9. Kf1 Be3 10. hxg4 Bxg5 11. Nxg5 fxg5 12. g3 Rf8+ 13. Ke1 Qf6 14. Kd2 Qf2+ 15. Ne2 Nf3+ 16. Kc1 Qe3+ 17. Kb1 Nd2+ 18. Kc1 Nb3+ 19. Kb1 Nd2+ 20. Kc1 Nxc4+ 21. Kb1 Qf3 22. Rf1 Qxf1 23. Kc1 Qf6 24. dxc4 d6 25. Nc3 Be6 26. b3 Rd8 27. Kb2 c5 28. Rc1 Qf3 29. Nb5 Rc8 30. Nxa7 Ra8 31. Nb5 Rc8 32. Nxd6+ Kd8 33. Nxb7+ Ke8 34. Nd6+ Ke7 35. Nf5+ Rxf5 36. exf5 Qxg3 37. fxe6 Rd8 38. Qf1 Rf8 39. Qe2 Rf2 40. Qd1 Kf6 41. e7 Kxe7 42. Qe1 Ke6 43. Rd1 Ke7 44. Rd5 Ke6 45. Qd1 Qf3 46. Rd6+ Ke7 47. Rd7+ Ke8 48. Rd8+ Ke7 49. Qd6+ Kf7 50. Rd7+ Kg8 51. Qb8+ Qf8 52. Qxe5 Qf6 53. Qxf6 Rxf6 54. Rd8+ Rf8 55. Rd5 h6 56. Rxc5 g6 57. b4 h5 58. gxh5 gxh5 59. b5 h4 60. Rxg5+ Kf7 61. Rh5 Kg6 62. Rxh4 Kg5 63. Rd4 Kf5 64. Rd5+ Ke6 65. Rd3 Ke5 66. c5 Rb8 67. b6 Ke4 68. Rb3 Kd4 69. c6 Rc8 70. b7 Rb8 71. c7 Rh8 72. b8=Q Rxb8 73. cxb8=Q Kc5 74. Rd3 Kc4 75. Qc8+ Kb4 76. Rb3+ Ka4 77. Qa8# 1-0

[Event "CYCC U08"]
[Site "Quebec CAN"]
[Date "2008.07.16"]
[Round "6"]
[White "Luo, Alan"]
[Black "Zhang, Richard"]
[Result "1-0"]
[WhiteElo "914"]
[BlackElo "962"]
[PlyCount "115"]
[GameId "2160767910353835"]
[EventDate "2008.07.14"]
[EventType "swiss"]
[EventRounds "7"]
[EventCountry "CAN"]
[SourceTitle "EXT 2011"]
[Source "ChessBase"]
[SourceDate "2011.11.26"]
[SourceVersion "1"]
[SourceVersionDate "2011.11.26"]
[SourceQuality "1"]

1. e4 c5 2. Nf3 d6 3. d4 cxd4 4. Nxd4 Nf6 5. Nc3 a6 6. Bc4 b5 7. Be2 b4 8. Nd5 Nxd5 9. exd5 Bb7 10. Nf3 Qa5 11. O-O Bxd5 12. Bd2 Bxf3 13. Bxf3 Ra7 14. Be3 Rc7 15. Be4 Nc6 16. Qf3 Ne5 17. Qd1 Nc4 18. Qe2 Nxe3 19. Qxe3 e5 20. Qf3 Be7 21. Bc6+ Kf8 22. Bd5 Bf6 23. Qh5 g6 24. Qh6+ Bg7 25. Qd2 Rc5 26. Bf3 Qc7 27. Rac1 e4 28. Bxe4 Bxb2 29. Qxb4 Bxc1 30. Rxc1 a5 31. Qd2 Rh5 32. Qd4 Rg8 33. Bf3 Rc5 34. c3 Rc4 35. Qd2 Kg7 36. Bd5 Rc5 37. Qd4+ Kf8 38. Re1 Rxc3 39. Qe4 Qc8 40. Qe7+ Kg7 41. Qxf7+ Kh8 42. Qf6+ Rg7 43. h3 Rc1 44. Rxc1 Qxc1+ 45. Kh2 Qc8 46. Kg3 h6 47. Qxd6 Qc3+ 48. Kh2 Kh7 49. f4 Qc7 50. Qf6 Qe7 51. Qa6 Qa7 52. Qd3 Rd7 53. f5 Qc7+ 54. g3 Qb7 55. fxg6+ Kg7 56. Qc3+ Kxg6 57. Bxb7 Rxb7 58. Qc6+ 1-0

[Event "CYCC U08"]
[Site "Quebec CAN"]
[Date "2008.07.16"]
[Round "6"]
[White "Robichaud, Alexandre"]
[Black "Liu, Tony"]
[Result "0-1"]
[Annotator "Brodie,Hugh"]
[WhiteElo "891"]
[BlackElo "673"]
[PlyCount "36"]
[GameId "2160767739706439"]
[EventDate "2008.07.14"]
[EventType "swiss"]
[EventRounds "7"]
[EventCountry "CAN"]

1. e4 e5 2. Nf3 Nc6 3. Nc3 Nf6 4. Bc4 Bc5 5. Ng5 O-O 6. Bxf7+ Rxf7 7. Nxf7 Kxf7 8. d3 d6 9. O-O Kg8 10. Bg5 h6 11. Bxf6 Qxf6 12. Nd5 Qf7 13. c3 Be6 14. d4 exd4 15. cxd4 Nxd4 16. a3 Bxd5 17. exd5 Qxd5 18. f3 Nxf3+ {etc.} 0-1

[Event "CYCC U08"]
[Site "Quebec CAN"]
[Date "2008.07.17"]
[Round "7"]
[White "Bellissimo, Joseph"]
[Black "Luo, Alan"]
[Result "1-0"]
[WhiteElo "1206"]
[BlackElo "914"]
[PlyCount "55"]
[GameId "2160767910353836"]
[EventDate "2008.07.14"]
[EventType "swiss"]
[EventRounds "7"]
[EventCountry "CAN"]
[SourceTitle "EXT 2011"]
[Source "ChessBase"]
[SourceDate "2011.11.26"]
[SourceVersion "1"]
[SourceVersionDate "2011.11.26"]
[SourceQuality "1"]

1. e4 e5 2. Nf3 Nc6 3. Bc4 Bc5 4. d3 Nf6 5. c3 d6 6. Bg5 Bg4 7. Nbd2 O-O 8. O-O h6 9. Bh4 Be6 10. Bxe6 fxe6 11. Qb3 Qc8 12. a4 a5 13. Nc4 Rb8 14. h3 d5 15. exd5 exd5 16. Ncxe5 Nxe5 17. Nxe5 Qe6 18. Rfe1 Qf5 19. d4 g5 20. Bg3 Bd6 21. Rac1 Ne4 22. Qxd5+ Kh8 23. Qxe4 Bxe5 24. Qxe5+ Qxe5 25. Bxe5+ Kh7 26. Bxc7 Rbc8 27. Bxa5 Ra8 28. Bb4 1-0

[Event "CYCC U08"]
[Site "Quebec CAN"]
[Date "2008.07.17"]
[Round "7"]
[White "Gagne, Eric"]
[Black "Seguin, Derek"]
[Result "1-0"]
[WhiteElo "951"]
[BlackElo "1027"]
[PlyCount "129"]
[GameId "2160767910353838"]
[EventDate "2008.07.14"]
[EventType "swiss"]
[EventRounds "7"]
[EventCountry "CAN"]
[SourceTitle "EXT 2011"]
[Source "ChessBase"]
[SourceDate "2011.11.26"]
[SourceVersion "1"]
[SourceVersionDate "2011.11.26"]
[SourceQuality "1"]

1. e4 e5 2. Nf3 Nc6 3. Nc3 Bc5 4. Bc4 Nf6 5. Ng5 O-O 6. Bxf7+ Rxf7 7. Nxf7 Kxf7 8. Nd5 Nxd5 9. exd5 Nb4 10. Qf3+ Qf6 11. Qh5+ Qg6 12. Qxg6+ hxg6 13. c3 Nc2+ 14. Kd1 Nxa1 15. d4 exd4 16. cxd4 Bxd4 17. Bf4 d6 18. Kd2 Bxf2 19. Rxa1 Bd4 20. Rf1 Bxb2 21. Be5+ Bf5 22. Bxb2 Re8 23. Bc3 c6 24. dxc6 bxc6 25. Bd4 c5 26. Bf2 c4 27. Bxa7 d5 28. Bc5 Re7 29. a4 Re6 30. a5 c3+ 31. Kxc3 d4+ 32. Kxd4 Re4+ 33. Kd5 Ra4 34. Bb6 Ra2 35. Rc1 Rxg2 36. Rc7+ Ke8 37. a6 Rd2+ 38. Bd4 Ra2 39. a7 Bh3 40. Bxg7 Bg2+ 41. Kc4 g5 42. Bh6 g4 43. Kb3 Ra6 44. Kb4 Rxh6 45. Kc3 Be4 46. Kd4 Rh7 47. Rxh7 Bxh7 48. a8=Q+ Kd7 49. Qd5+ Ke7 50. Qg5+ Ke8 51. Qxg4 Bc2 52. h4 Ke7 53. Qg7+ Kd6 54. Qe5+ Kd7 55. Qb5+ Kd6 56. Qc5+ Ke6 57. Qxc2 Kf6 58. h5 Kg5 59. Qh2 Kf6 60. h6 Ke7 61. h7 Ke6 62. Qe5+ Kf7 63. h8=Q Kg6 64. Qg8+ Kh6 65. Qh2# 1-0

[Event "CYCC U08"]
[Site "Quebec CAN"]
[Date "2008.07.17"]
[Round "7"]
[White "Lepage, Marcel"]
[Black "Aghamalian, Derick"]
[Result "0-1"]
[WhiteElo "946"]
[BlackElo "954"]
[PlyCount "50"]
[GameId "2160767910353839"]
[EventDate "2008.07.14"]
[EventType "swiss"]
[EventRounds "7"]
[EventCountry "CAN"]
[SourceTitle "EXT 2011"]
[Source "ChessBase"]
[SourceDate "2011.11.26"]
[SourceVersion "1"]
[SourceVersionDate "2011.11.26"]
[SourceQuality "1"]

1. e4 e5 2. Nc3 Nc6 3. Nf3 Nf6 4. Bc4 Bc5 5. d3 Ng4 6. O-O Be7 7. h3 Nf6 8. Ng5 O-O 9. Nd5 Nxd5 10. exd5 Bxg5 11. dxc6 dxc6 12. Bxg5 Qxg5 13. Re1 Bxh3 14. Kf1 Qxg2+ 15. Ke2 Bg4+ 16. Kd2 Bxd1 17. Rexd1 Qxf2+ 18. Kc1 Rfe8 19. Rf1 Qxf1+ 20. Kd2 Qxa1 21. Ke2 b5 22. Bb3 e4 23. dxe4 Rxe4+ 24. Kd2 Qe1+ 25. Kd3 Qe3# 0-1

[Event "CYCC U08"]
[Site "Quebec CAN"]
[Date "2008.07.17"]
[Round "7"]
[White "Liu, Tony"]
[Black "Kassam, Jamil"]
[Result "0-1"]
[WhiteElo "673"]
[BlackElo "1210"]
[PlyCount "44"]
[GameId "2160767910353840"]
[EventDate "2008.07.14"]
[EventType "swiss"]
[EventRounds "7"]
[EventCountry "CAN"]
[SourceTitle "EXT 2011"]
[Source "ChessBase"]
[SourceDate "2011.11.26"]
[SourceVersion "1"]
[SourceVersionDate "2011.11.26"]
[SourceQuality "1"]

1. e4 e5 2. Nf3 Nc6 3. Bc4 Bc5 4. O-O Nf6 5. d4 exd4 6. e5 d5 7. exd6 Qxd6 8. Ng5 O-O 9. Re1 Ng4 10. Nf3 Nf6 11. Bg5 Bg4 12. h3 Bh5 13. Nbd2 Rfe8 14. Bxf6 Qxf6 15. Ne4 Qf5 16. g4 Bxg4 17. hxg4 Qxg4+ 18. Ng3 d3 19. cxd3 Qxg3+ 20. Kh1 Rxe1+ 21. Nxe1 Bxf2 22. Nc2 Qh3# 0-1

[Event "CYCC U08"]
[Site "Quebec CAN"]
[Date "2008.07.17"]
[Round "7"]
[White "Zhang, Richard"]
[Black "Lepage, Draven"]
[Result "1-0"]
[WhiteElo "962"]
[BlackElo "991"]
[PlyCount "45"]
[GameId "2160767910353841"]
[EventDate "2008.07.14"]
[EventType "swiss"]
[EventRounds "7"]
[EventCountry "CAN"]
[SourceTitle "EXT 2011"]
[Source "ChessBase"]
[SourceDate "2011.11.26"]
[SourceVersion "1"]
[SourceVersionDate "2011.11.26"]
[SourceQuality "1"]

1. e4 e5 2. Nf3 Nc6 3. Bb5 Nf6 4. O-O Nxe4 5. Re1 Nf6 6. Bxc6 dxc6 7. Nxe5 Bd6 8. Nxc6+ Qe7 9. Nxe7 Bxe7 10. Qe2 Nd5 11. Qe4 Be6 12. Nc3 Nxc3 13. dxc3 Rd8 14. Bf4 Bd6 15. Bxd6 cxd6 16. Qxb7 Rd7 17. Qa8+ Rd8 18. Qxa7 Rc8 19. f4 g6 20. Qd4 Rg8 21. Qxd6 f5 22. Rxe6+ Kf7 23. Qe7# 1-0

[Event "CYCC U08"]
[Site "Quebec CAN"]
[Date "2008.07.17"]
[Round "7"]
[White "Zotkin, Daniel"]
[Black "Lee, Jonah"]
[Result "1-0"]
[WhiteElo "1059"]
[BlackElo "1318"]
[PlyCount "79"]
[GameId "2160767910353842"]
[EventDate "2008.07.14"]
[EventType "swiss"]
[EventRounds "7"]
[EventCountry "CAN"]
[SourceTitle "EXT 2011"]
[Source "ChessBase"]
[SourceDate "2011.11.26"]
[SourceVersion "1"]
[SourceVersionDate "2011.11.26"]
[SourceQuality "1"]

1. e4 e6 2. d4 d5 3. e5 c5 4. c3 Nc6 5. Nf3 Qb6 6. Bd3 Bd7 7. O-O cxd4 8. cxd4 Nxd4 9. Nxd4 Qxd4 10. Qe2 Qb6 11. Nc3 Bc5 12. Kh1 Ne7 13. f4 O-O-O 14. Bd2 h5 15. Rf3 Nc6 16. b4 Nd4 17. bxc5 Qxc5 18. Qe3 b6 19. Rh3 f6 20. Rc1 Nc6 21. Qxc5 bxc5 22. Ba6+ Kb8 23. Rb1+ Ka8 24. Bb7+ Kb8 25. Bxc6+ Kc7 26. Bxd7 Kxd7 27. Rb7+ Kc6 28. Rxa7 Rb8 29. Rxg7 Rb6 30. exf6 Rhb8 31. Ne2 Rb1+ 32. Ng1 Rd1 33. Rxh5 Rbb1 34. h4 Rxg1+ 35. Kh2 Rh1+ 36. Kg3 Rbd1 37. Be3 d4 38. f7 dxe3 39. f8=Q e2 40. Qxc5# 1-0

[Event "CYCC U08 playoff"]
[Site "Quebec CAN"]
[Date "2008.07.16"]
[Round "1"]
[White "Lee, Jonah"]
[Black "Zotkin, Daniel"]
[Result "1-0"]
[WhiteElo "1318"]
[BlackElo "1059"]
[PlyCount "69"]
[GameId "2160767910353786"]
[EventDate "2008.07.17"]
[EventType "match"]
[EventCountry "CAN"]

1. c4 e5 2. g3 Nf6 3. Bg2 Nc6 4. e3 Bd6 5. Ne2 O-O 6. O-O b6 7. d3 Be7 8. Nbc3 d6 9. Bxc6 Rb8 10. b4 Bh3 11. Re1 a5 12. b5 Rc8 13. f4 exf4 14. Nxf4 Bg4 15. Qd2 d5 16. Ncxd5 Qd6 17. Nxe7+ Qxe7 18. Bb2 Rcd8 19. Qc3 h6 20. Nd5 Qe6 21. Nxc7 Qf5 22. Be4 Qd7 23. Nd5 Qd6 24. Ba3 Qe6 25. Nxf6+ gxf6 26. Bxf8 Kxf8 27. Rf1 f5 28. Bg2 Qxe3+ 29. Kh1 Rxd3 30. Qh8+ Ke7 31. Rae1 Be2 32. Qb2 Rd2 33. Rf3 Rxb2 34. Rxe3+ Kf6 35. R3xe2 1-0

[Event "CYCC U08 playoff"]
[Site "Quebec CAN"]
[Date "2008.07.16"]
[Round "3"]
[White "Kassam, Jamil"]
[Black "Lee, Jonah"]
[Result "0-1"]
[WhiteElo "1210"]
[BlackElo "1318"]
[PlyCount "68"]
[GameId "2160767910353787"]
[EventDate "2008.07.17"]
[EventType "match"]
[EventCountry "CAN"]

1. e4 e6 2. d4 d5 3. Nd2 Nf6 4. e5 Nfd7 5. Bd3 c5 6. c3 Nc6 7. Ne2 Qb6 8. Nf3 cxd4 9. cxd4 Bb4+ 10. Bd2 Bxd2+ 11. Qxd2 O-O 12. O-O Nb4 13. Bb1 Nc6 14. Qd3 g6 15. Qd2 Kg7 16. Bc2 Qxb2 17. Rfb1 Qa3 18. Rb3 Qe7 19. Nc3 Nb6 20. Nb5 Nc4 21. Qc3 a6 22. Na3 N6a5 23. Nxc4 Nxb3 24. Bxb3 dxc4 25. Bxc4 Bd7 26. d5 exd5 27. Bxd5 Rac8 28. Qb2 Bc6 29. Bxc6 Rxc6 30. Rd1 Rfc8 31. Kf1 Rc2 32. Qa1 Qe6 33. Ng5 Qc4+ 34. Ke1 Qe2# 0-1

[Event "CYCC U08 w"]
[Site "Quebec CAN"]
[Date "2008.07.14"]
[Round "1"]
[White "Bilodeau Savaria, Cendrina"]
[Black "Wang, Emily"]
[Result "1-0"]
[WhiteElo "1046"]
[BlackElo "702"]
[PlyCount "42"]
[GameId "2160767910353843"]
[EventDate "2008.07.14"]
[EventType "swiss"]
[EventRounds "7"]
[EventCountry "CAN"]
[SourceTitle "EXT 2011"]
[Source "ChessBase"]
[SourceDate "2011.11.26"]
[SourceVersion "1"]
[SourceVersionDate "2011.11.26"]
[SourceQuality "1"]

1. d4 d5 2. c4 c6 3. Nc3 Nf6 4. Nf3 Bg4 5. e3 Bxf3 6. Qxf3 e6 7. Bd3 Nbd7 8. O-O Bb4 9. Bd2 O-O 10. a3 Bxc3 11. Bxc3 Nb6 12. cxd5 cxd5 13. Rac1 Qb8 14. Rfd1 h5 15. h3 g5 16. Qxf6 Qd8 17. Qf3 Qe7 18. Qxh5 f6 19. Bb4 Qf7 20. Bg6 Qg7 21. Bxf8 Qxf8 1-0

[Event "CYCC U08 w"]
[Site "Quebec CAN"]
[Date "2008.07.14"]
[Round "1"]
[White "Gao, Christine"]
[Black "Wang, Kelly"]
[Result "0-1"]
[WhiteElo "873"]
[BlackElo "1388"]
[PlyCount "115"]
[GameId "2160767910353844"]
[EventDate "2008.07.14"]
[EventType "swiss"]
[EventRounds "7"]
[EventCountry "CAN"]
[SourceTitle "EXT 2011"]
[Source "ChessBase"]
[SourceDate "2011.11.26"]
[SourceVersion "1"]
[SourceVersionDate "2011.11.26"]
[SourceQuality "1"]

1. e4 c5 2. Nf3 d6 3. d4 cxd4 4. Nxd4 Nf6 5. Nc3 g6 6. Be2 Bg7 7. O-O O-O 8. f4 Nc6 9. Be3 Bd7 10. Nxc6 Bxc6 11. Bf3 Qc7 12. h3 Rad8 13. Qd2 Nd7 14. Bd4 Bxd4+ 15. Qxd4 Qb6 16. Qxb6 Nxb6 17. e5 Bxf3 18. Rxf3 dxe5 19. fxe5 Nc4 20. Re1 Rd2 21. Rf2 Rfd8 22. b3 Nb6 23. Ne4 Rxf2 24. Kxf2 Rd5 25. Ng3 Rd2+ 26. Re2 Rxe2+ 27. Nxe2 Nd7 28. Nd4 Nxe5 29. Nf3 Nxf3 30. Kxf3 Kg7 31. c4 Kf6 32. b4 Ke6 33. Ke4 f5+ 34. Kf4 h6 35. g4 g5+ 36. Kf3 f4 37. a4 Ke5 38. c5 Kd5 39. Ke2 Kc4 40. Kd2 Kxb4 41. Kd3 Kxa4 42. Ke4 Kb5 43. Kf5 f3 44. Kg6 f2 45. Kxh6 f1=Q 46. Kxg5 Qxh3 47. Kf4 a5 48. g5 Qh4+ 49. Kf5 a4 50. g6 Qf6+ 51. Kg4 Qxg6+ 52. Kf4 a3 53. Ke3 a2 54. Kf3 a1=Q 55. Kf4 Qe6 56. Kf3 Qaf6+ 57. Kg3 Qg8+ 58. Kh3 0-1

[Event "CYCC U08 w"]
[Site "Quebec CAN"]
[Date "2008.07.14"]
[Round "1"]
[White "MacInnis, Maggie Rose"]
[Black "Brichko, Kate"]
[Result "1-0"]
[WhiteElo "910"]
[BlackElo "816"]
[PlyCount "79"]
[GameId "2160767910353845"]
[EventDate "2008.07.14"]
[EventType "swiss"]
[EventRounds "7"]
[EventCountry "CAN"]
[SourceTitle "EXT 2011"]
[Source "ChessBase"]
[SourceDate "2011.11.26"]
[SourceVersion "1"]
[SourceVersionDate "2011.11.26"]
[SourceQuality "1"]

1. e4 e5 2. Nf3 Nc6 3. Bb5 a6 4. Ba4 Nf6 5. O-O Bc5 6. Nc3 d5 7. d3 d4 8. Nd5 Nxd5 9. exd5 Qxd5 10. Re1 Bg4 11. h3 Bxf3 12. Qxf3 Qxf3 13. gxf3 h5 14. Rxe5+ Kf8 15. Rxc5 Re8 16. Bg5 b5 17. Bb3 f6 18. Bf4 g5 19. Bh2 g4 20. Rxc6 gxh3 21. Rxc7 Rg8+ 22. Kf1 Rg2 23. Bd6+ Re7 24. Bxe7+ Kg7 25. Bb4+ Kg6 26. Bf7+ Kg5 27. Bd2+ Kh4 28. Bd5 Rg5 29. Bxg5+ Kxg5 30. Rg7+ Kh6 31. Ra7 h2 32. Ke2 Kg5 33. f4+ Kg4 34. Rg7+ Kh3 35. Kf3 Kh4 36. Rh1 Kh3 37. b4 f5 38. a3 h4 39. Be6 a5 40. Bxf5# 1-0

[Event "CYCC U08 w"]
[Site "Quebec CAN"]
[Date "2008.07.14"]
[Round "1"]
[White "Peng, Janet"]
[Black "Rakov, Anna"]
[Result "1-0"]
[Annotator "Brodie,Hugh"]
[WhiteElo "1009"]
[BlackElo "497"]
[PlyCount "20"]
[GameId "2160767739706441"]
[EventDate "2008.07.14"]
[EventType "swiss"]
[EventRounds "7"]
[EventCountry "CAN"]

1. e4 e5 2. Nf3 Nc6 3. Bc4 Bc5 4. d3 d6 5. Ng5 h6 6. Nxf7 Qe7 7. Nxh8 Qh4 8. O-O Nf6 9. Bf7+ Kd8 10. Nc3 Bg4 {White played the illegal move 11. f3, and eventually won.} 1-0

[Event "CYCC U08 w"]
[Site "Quebec CAN"]
[Date "2008.07.14"]
[Round "2"]
[White "Bilodeau Savaria, Cendrina"]
[Black "Gao, Christine"]
[Result "1-0"]
[WhiteElo "1046"]
[BlackElo "873"]
[PlyCount "128"]
[GameId "2160767910353846"]
[EventDate "2008.07.14"]
[EventType "swiss"]
[EventRounds "7"]
[EventCountry "CAN"]
[SourceTitle "EXT 2011"]
[Source "ChessBase"]
[SourceDate "2011.11.26"]
[SourceVersion "1"]
[SourceVersionDate "2011.11.26"]
[SourceQuality "1"]

1. d4 Nf6 2. c4 e6 3. Nc3 Bb4 4. Bd2 d5 5. e3 O-O 6. Nf3 b6 7. a3 Be7 8. Bd3 c5 9. O-O Bb7 10. Rc1 dxc4 11. Bxc4 Nc6 12. Ne2 Ne4 13. Bd3 Nxd2 14. Qxd2 Bf6 15. dxc5 Ba6 16. Bxa6 Qxd2 17. Nxd2 Bxb2 18. Rb1 Bxa3 19. Nf3 Bxc5 20. Bb7 Rac8 21. Bxc8 Rxc8 22. Rfd1 Nb4 23. Rd2 Nd5 24. Rbd1 h6 25. Nf4 Nc3 26. Rd8+ Rxd8 27. Rxd8+ Kh7 28. Rd7 Kg8 29. Rxa7 b5 30. Rb7 b4 31. Nd3 Na2 32. Nxc5 Kf8 33. Nd4 g6 34. Nc6 Kg7 35. Nxb4 Nc3 36. Nxe6+ Kf6 37. Nc7 Ne2+ 38. Kf1 Nc3 39. Ncd5+ Nxd5 40. Nxd5+ Ke6 41. Nf4+ Kf6 42. h4 g5 43. hxg5+ hxg5 44. Ne2 Kf5 45. Rb4 Kf6 46. Rb5 Kg6 47. g4 Kg7 48. Rxg5+ Kf6 49. f4 Ke6 50. e4 Kf6 51. Nd4 Ke7 52. e5 f6 53. exf6+ Kxf6 54. Ke2 Kf7 55. Ke3 Ke7 56. Rg6 Kf7 57. f5 Ke7 58. Ke4 Kf7 59. Ke5 Ke7 60. Rg7+ Kf8 61. Ra7 Ke8 62. g5 Kf8 63. Kf6 Ke8 64. g6 Kf8 1-0

[Event "CYCC U08 w"]
[Site "Quebec CAN"]
[Date "2008.07.14"]
[Round "2"]
[White "Rakov, Anna"]
[Black "MacInnis, Maggie Rose"]
[Result "0-1"]
[WhiteElo "497"]
[BlackElo "910"]
[PlyCount "60"]
[GameId "2160767910353847"]
[EventDate "2008.07.14"]
[EventType "swiss"]
[EventRounds "7"]
[EventCountry "CAN"]
[SourceTitle "EXT 2011"]
[Source "ChessBase"]
[SourceDate "2011.11.26"]
[SourceVersion "1"]
[SourceVersionDate "2011.11.26"]
[SourceQuality "1"]

1. e4 c5 2. Nf3 d6 3. h3 Nf6 4. d3 a6 5. Be2 e6 6. O-O Be7 7. Nh4 O-O 8. Bg5 Nc6 9. Bxf6 Bxf6 10. c3 Bxh4 11. c4 Nd4 12. Bg4 b6 13. Nc3 Bb7 14. Nd5 exd5 15. exd5 Bxd5 16. cxd5 Re8 17. Re1 Rxe1+ 18. Qxe1 Nc2 19. Qc1 Nd4 20. Qc3 f5 21. Be2 Nxe2+ 22. Kf1 Nxc3 23. bxc3 Qe7 24. g3 Bg5 25. f4 Bf6 26. Rc1 Re8 27. h4 Qe2+ 28. Kg1 Qxa2 29. Kh1 Bxc3 30. Rxc3 Re1# 0-1

[Event "CYCC U08 w"]
[Site "Quebec CAN"]
[Date "2008.07.14"]
[Round "2"]
[White "Wang, Emily"]
[Black "Brichko, Kate"]
[Result "0-1"]
[WhiteElo "702"]
[BlackElo "816"]
[PlyCount "136"]
[GameId "2160767910353848"]
[EventDate "2008.07.14"]
[EventType "swiss"]
[EventRounds "7"]
[EventCountry "CAN"]
[SourceTitle "EXT 2011"]
[Source "ChessBase"]
[SourceDate "2011.11.26"]
[SourceVersion "1"]
[SourceVersionDate "2011.11.26"]
[SourceQuality "1"]

1. e4 e5 2. Nf3 Nc6 3. Nc3 Nf6 4. d4 exd4 5. Nxd4 Nxd4 6. Qxd4 Bc5 7. Qxc5 b6 8. Qe3 Bb7 9. Bd3 Qe7 10. O-O h5 11. Re1 Ng4 12. Qg3 f5 13. f3 h4 14. Qf4 g5 15. Qxf5 h3 16. Qxg4 d5 17. Bxg5 Bc8 18. Qf4 Qd6 19. e5 Rf8 20. Qe3 Rxf3 21. Qxf3 Qc5+ 22. Be3 d4 23. Bf2 Be6 24. Bg6+ Kd8 25. Qf8+ Qxf8 26. Bxd4 Qg7 27. Be4 hxg2 28. Bxg2 Bh3 29. Re2 Bg4 30. Rf2 Bf3 31. Rxf3 Qg4 32. Bf2 Kd7 33. Re3 Rg8 34. Rg3 Qe6 35. Bd5 Rxg3+ 36. hxg3 Qxe5 37. Re1 Qg7 38. Be6+ Kc6 39. Bc8 Qg6 40. Rd1 Qh5 41. Rd5 Qf3 42. Be1 a6 43. Kh2 b5 44. Rf5 Qe3 45. Bf2 Qd2 46. g4 b4 47. Nd5 Qxc2 48. g5 Qxb2 49. g6 Qg7 50. Rg5 Qh6+ 51. Kg3 Qxg5+ 52. Kh3 Qxd5 53. g7 Qh5+ 54. Bh4 Qf3+ 55. Bg3 Qh5+ 56. Bh4 Qh7 57. Bxa6 Qxg7 58. Bg3 Qb2 59. a4 b3 60. Be2 Qxe2 61. a5 b2 62. Kh4 b1=Q 63. Kg5 Qbb5+ 64. Kh4 Qxa5 65. Kh3 Qah5+ 66. Bh4 Qef3+ 67. Kh2 Qxh4+ 68. Kg1 Qhh1# 0-1

[Event "CYCC U08 w"]
[Site "Quebec CAN"]
[Date "2008.07.14"]
[Round "2"]
[White "Wang, Kelly"]
[Black "Peng, Janet"]
[Result "1-0"]
[WhiteElo "1388"]
[BlackElo "1009"]
[PlyCount "83"]
[GameId "2160767910353849"]
[EventDate "2008.07.14"]
[EventType "swiss"]
[EventRounds "7"]
[EventCountry "CAN"]
[SourceTitle "EXT 2011"]
[Source "ChessBase"]
[SourceDate "2011.11.26"]
[SourceVersion "1"]
[SourceVersionDate "2011.11.26"]
[SourceQuality "1"]

1. e4 e5 2. Nf3 Nf6 3. Nc3 Bc5 4. Bc4 Ng4 5. O-O d6 6. d4 Nc6 7. dxc5 O-O 8. cxd6 cxd6 9. Bg5 Qb6 10. Bb3 h6 11. Bh4 Qa6 12. h3 Nxf2 13. Bxf2 Nb4 14. Nd5 Nxd5 15. Bxd5 Qb5 16. Bb3 Be6 17. Qxd6 Rad8 18. Qxe5 Qa6 19. Bxe6 fxe6 20. Nd4 Rfe8 21. Qb5 Qxb5 22. Nxb5 a6 23. Nc3 Ra8 24. Rad1 b5 25. Rd6 a5 26. Nxb5 Rab8 27. Nc7 Rec8 28. Nxe6 Rxb2 29. Rd8+ Rxd8 30. Nxd8 Rxa2 31. e5 Kf8 32. e6 Ke8 33. Bh4 Rxc2 34. e7 a4 35. Rf8+ Kd7 36. e8=Q+ Kd6 37. Qe7+ Kd5 38. Rf5+ Kc4 39. Rc5+ Kb3 40. Qb7+ Ka3 41. Rxc2 h5 42. Qb2# 1-0

[Event "CYCC U08 w"]
[Site "Quebec CAN"]
[Date "2008.07.15"]
[Round "3"]
[White "Brichko, Kate"]
[Black "Rakov, Anna"]
[Result "1-0"]
[WhiteElo "816"]
[BlackElo "497"]
[PlyCount "65"]
[GameId "2160767910353850"]
[EventDate "2008.07.14"]
[EventType "swiss"]
[EventRounds "7"]
[EventCountry "CAN"]
[SourceTitle "EXT 2011"]
[Source "ChessBase"]
[SourceDate "2011.11.26"]
[SourceVersion "1"]
[SourceVersionDate "2011.11.26"]
[SourceQuality "1"]

1. e4 c5 2. Bc4 Nf6 3. d3 a6 4. Bg5 Ng8 5. Nf3 d6 6. d4 Nc6 7. d5 Ne5 8. b3 Nxf3+ 9. Qxf3 Nf6 10. Bxf6 exf6 11. Nc3 Be7 12. O-O-O O-O 13. h4 Bd7 14. h5 h6 15. g4 Bc8 16. g5 hxg5 17. h6 g6 18. h7+ Kh8 19. Rh6 f5 20. exf5 gxf5 21. Qh5 Be6 22. dxe6 fxe6 23. Bxe6 Qa5 24. Rd3 Rad8 25. Bf7 b5 26. Bg8 c4 27. Nd5 cxd3 28. cxd3 Qe1+ 29. Kb2 f4 30. Nxe7 Qxf2+ 31. Ka3 f3 32. Ng6+ Kg7 33. h8=Q# 1-0